[Event "Bohemia South-chT 0405"]
[Site "Czech Republic"]
[Date "2005.??.??"]
[Round "?"]
[White "Fojtik, Tomas"]
[Black "Rada, David"]
[Result "1-0"]
[WhiteElo "2030"]
[BlackElo "1645"]
[PlyCount "129"]
[EventDate "2004.10.??"]
[EventType "team"]
[EventRounds "11"]
[EventCountry "CZE"]
[SourceTitle "EXT 2007"]
[Source "ChessBase"]
[SourceDate "2006.11.23"]
[SourceVersion "1"]
[SourceVersionDate "2006.11.23"]
[SourceQuality "1"]

1. d4 f5 2. c4 Nf6 3. g3 e6 4. Bg2 d6 5. Nc3 Be7 6. Nf3 0-0 7. 0-0 Qe8 8. b3 c6 9. Ba3 h6 10. Qc2 a5 11. Rae1 d5 12. Bxe7 Qxe7 13. Ne5 Qe8 14. Na4 Nbd7 15. Nxd7 Bxd7 16. Nb6 Ra6 17. Na4 Ra8 18. f3 b5 19. Nc5 Qd8 20. e4 Bc8 21. exd5 exd5 22. cxd5 cxd5 23. Qd3 b4 24. Re5 Qd6 25. Rfe1 Nd7 26. Nxd7 Bxd7 27. f4 Bc6 28. Rxf5 Rxf5 29. Qxf5 Rf8 30. Qe6+ Qxe6 31. Rxe6 Ba8 32. Ra6 Bb7 33. Rxa5 Ra8 34. Rxa8+ Bxa8 35. Kf2 Kf7 36. Ke3 Ke6 37. Bh3+ Kd6 38. f5 Bc6 39. Bf1 Ke7 40. Kf4 Kf6 41. Bd3 Be8 42. h4 h5 43. Be2 g6 44. Bd3 gxf5 45. Bxf5 Bb5 46. g4 hxg4 47. Kxg4 Be2+ 48. Kf4 Bd1 49. Bh7 Kg7 50. Bd3 Kf6 51. Ke3 Bh5 52. Kd2 Ke6 53. Kc2 Kd6 54. Kb2 Kc6 55. a3 bxa3+ 56. Kxa3 Kb6 57. Kb4 Kc6 58. Bb5+ Kb6 59. Bd3 Kc6 60. Ka4 Kb7 61. b4 Kc7 62. b5 Kb7 63. b6 Kb8 64. Kb5 Kb7 65. Kc5 1-0

[Event "Bohemia South-chT 0405"]
[Site "Czech Republic"]
[Date "2004.??.??"]
[Round "?"]
[White "Zavadil, Michal"]
[Black "Rada, David"]
[Result "1-0"]
[WhiteElo "2050"]
[BlackElo "1645"]
[PlyCount "121"]
[EventDate "2004.10.??"]
[EventType "team"]
[EventRounds "11"]
[EventCountry "CZE"]
[SourceTitle "EXT 2007"]
[Source "ChessBase"]
[SourceDate "2006.11.23"]
[SourceVersion "1"]
[SourceVersionDate "2006.11.23"]
[SourceQuality "1"]

1. e4 e5 2. Nf3 Nc6 3. Bc4 Bc5 4. b4 Bb6 5. a4 a6 6. 0-0 d6 7. a5 Ba7 8. b5 axb5 9. Bxb5 Bd7 10. c3 Nxa5 11. Bxd7+ Qxd7 12. Rxa5 Bxf2+ 13. Rxf2 Rxa5 14. d4 f6 15. Na3 Ne7 16. Qb3 b6 17. dxe5 dxe5 18. Rd2 Qc6 19. Nc2 Qa4 20. Qe6 Qc6 21. Qg4 Kf7 22. Ba3 Qe6 23. Ng5+ fxg5 24. Rf2+ Qf6 25. Qd7 c5 26. Rxf6+ gxf6 27. Qb7 Rha8 28. Qxb6 Rxa3 29. Nxa3 Rxa3 30. Qxc5 Ra1+ 31. Kf2 Ra2+ 32. Kg3 Rd2 33. Qc4+ Kg7 34. Qc7 Kf7 35. c4 h5 36. h3 h4+ 37. Kf3 Rd3+ 38. Ke2 Rg3 39. Kf2 Rc3 40. Qa5 Rc2+ 41. Kf3 Rb2 42. Qc3 Rb7 43. c5 Rc7 44. Qc4+ Kf8 45. Kg4 Rc6 46. Kh5 Rc8 47. Kg4 Rc6 48. Kf3 Rc7 49. Ke3 Rc8 50. Kd3 Rd8+ 51. Kc3 Rc8 52. Kb4 Rb8+ 53. Ka4 Ra8+ 54. Kb5 Rb8+ 55. Ka6 Ra8+ 56. Kb7 Rc8 57. Qe6 Rc6 58. Qxe7+ Kxe7 59. Kxc6 f5 60. Kd5 fxe4 61. Kxe4 1-0